[Event "Wuerttemberg-ch Seniors op 26th"]
[Site "Freudenstadt"]
[Date "2014.07.24"]
[Round "9"]
[White "Storkebaum, Karl Heinrich"]
[Black "Klaus, Eduard"]
[Result "1/2-1/2"]
[WhiteElo "1955"]
[BlackElo "1751"]
[PlyCount "40"]
[EventDate "2014.07.16"]
[EventType "swiss"]
[EventRounds "9"]
[EventCountry "GER"]
[SourceTitle "EXT 2019"]
[Source "ChessBase"]
[SourceDate "2018.10.10"]
[SourceVersion "1"]
[SourceVersionDate "2018.10.10"]
[SourceQuality "1"]

1. d4 d5 2. c4 dxc4 3. Nc3 e6 4. e3 a6 5. Bxc4 b5 6. Bd3 Bb7 7. Nf3 Nf6 8. 0-0 Be7 9. a3 c5 10. dxc5 Bxc5 11. b4 Be7 12. e4 0-0 13. Bb2 h6 14. Qe2 Qb6 15. e5 Nd5 16. Qe4 g6 17. Nxd5 Bxd5 18. Qf4 Kg7 19. Bd4 Qb7 20. Rfd1 Rh8 1/2-1/2

[Event "Wuerttemberg-ch Seniors 15th"]
[Site "Ellwangen"]
[Date "2003.04.16"]
[Round "6"]
[White "Braeu, Emmi"]
[Black "Klaus, Eduard"]
[Result "1-0"]
[WhiteElo "1552"]
[BlackElo "1677"]
[PlyCount "119"]
[EventDate "2003.04.??"]
[EventType "swiss"]
[EventRounds "9"]
[EventCountry "GER"]
[SourceTitle "EXT 2006"]
[Source "ChessBase"]
[SourceDate "2005.11.24"]
[SourceVersion "1"]
[SourceVersionDate "2005.11.24"]
[SourceQuality "1"]

1. d4 d5 2. Nf3 Bf5 3. g3 e6 4. Bg2 c6 5. 0-0 Nf6 6. c4 Nbd7 7. Nc3 h6 8. h3 Bh7 9. cxd5 exd5 10. Re1 Be7 11. Nd2 0-0 12. e4 Nxe4 13. Ndxe4 dxe4 14. Nxe4 Bxe4 15. Bxe4 Nf6 16. Bg2 Bd6 17. Be3 Rb8 18. Rc1 Re8 19. a3 Kh8 20. g4 g5 21. Qd3 Qd7 22. Re2 Kg7 23. Rce1 Re7 24. Bd2 Rbe8 25. Bc3 Rxe2 26. Rxe2 Rxe2 27. Qxe2 Nd5 28. Bxd5 cxd5 29. Kg2 a6 30. Qf3 Bf4 31. h4 f5 32. gxf5 Qxf5 33. hxg5 hxg5 34. Qe2 Qe4+ 35. Qxe4 dxe4 36. d5+ Kf7 37. Kh3 Ke7 38. Bb4+ Kd7 39. Kg4 a5 40. Bc5 a4 41. Kf5 Bc1 42. Bd4 Kd6 43. Kxe4 Bf4 44. f3 b5 45. Bc3 Kc5 46. Bb4+ Kc4 47. d6 Kb3 48. d7 Bc7 49. Be7 Kxb2 50. Kd5 Ba5 51. Kc6 b4 52. Bxb4 Bxb4 53. axb4 a3 54. d8Q a2 55. Qd6 Kb1 56. b5 a1Q 57. Qd1+ Kb2 58. Qxa1+ Kxa1 59. b6 g4 60. fxg4 1-0

[Event "Wuerttemberg-ch Seniors 15th"]
[Site "Ellwangen"]
[Date "2003.04.14"]
[Round "4"]
[White "Klaus, Eduard"]
[Black "Waechter, Wilhelm"]
[Result "0-1"]
[WhiteElo "1677"]
[BlackElo "1750"]
[PlyCount "132"]
[EventDate "2003.04.??"]
[EventType "swiss"]
[EventRounds "9"]
[EventCountry "GER"]
[SourceTitle "EXT 2006"]
[Source "ChessBase"]
[SourceDate "2005.11.24"]
[SourceVersion "1"]
[SourceVersionDate "2005.11.24"]
[SourceQuality "1"]

1. d4 Nf6 2. c4 c6 3. Nc3 d5 4. e3 e6 5. Bd2 Nbd7 6. c5 b6 7. b4 Be7 8. f4 0-0 9. Bd3 h6 10. Nf3 Nh7 11. 0-0 f5 12. Ne5 Nxe5 13. fxe5 Qe8 14. Be2 Ng5 15. Bh5 g6 16. Be2 h5 17. Be1 Nf7 18. Bf2 Kg7 19. Qe1 Qd8 20. h4 Nh6 21. g3 Rh8 22. Kg2 Ng4 23. Rh1 Kf7 24. Bf3 Ba6 25. Be2 Bb7 26. Bd3 Qg8 27. Kf1 g5 28. Ke2 gxh4 29. gxh4 Nxf2 30. Qxf2 Qg4+ 31. Kd2 Qg6 32. Rag1 Qh6 33. Ne2 Rag8 34. Nf4 Rg4 35. Be2 Rhg8 36. Rxg4 hxg4 37. Qg3 Rh8 38. h5 Bg5 39. Ng6 Rg8 40. Nf4 b5 41. Bd1 a5 42. a3 axb4 43. axb4 Ra8 44. Bb3 Ra3 45. Kc2 Bc8 46. Kb2 Ra7 47. Bd1 Bd7 48. Qf2 Kg8 49. Qg3 Kh7 50. Rh2 Be8 51. Bxg4 fxg4 52. Qxg4 Bxf4 53. exf4 Rf7 54. Rg2 Rg7 55. Qxg7+ Qxg7 56. Rxg7+ Kxg7 57. f5 exf5 58. Kc2 Bxh5 59. Kd2 f4 60. Ke1 Kg6 61. Kf2 Kf5 62. Ke1 Ke4 63. Kf2 Kxd4 64. e6 Ke4 65. e7 d4 66. Ke1 Ke3 0-1

[Event "Wuerttemberg-ch Seniors 15th"]
[Site "Ellwangen"]
[Date "2003.04.13"]
[Round "3"]
[White "Frank, Werner"]
[Black "Klaus, Eduard"]
[Result "1-0"]
[WhiteElo "1982"]
[BlackElo "1677"]
[PlyCount "104"]
[EventDate "2003.04.??"]
[EventType "swiss"]
[EventRounds "9"]
[EventCountry "GER"]
[SourceTitle "EXT 2006"]
[Source "ChessBase"]
[SourceDate "2005.11.24"]
[SourceVersion "1"]
[SourceVersionDate "2005.11.24"]
[SourceQuality "1"]

1. d4 d5 2. Nf3 Bf5 3. c4 dxc4 4. Nc3 e6 5. e4 Bg6 6. Bxc4 c6 7. 0-0 Nf6 8. Re1 Be7 9. a4 0-0 10. Bf4 h6 11. Qb3 b6 12. Bxb8 Rxb8 13. Ne5 Qxd4 14. Nxc6 Qc5 15. Nxb8 Rxb8 16. Qb5 Ng4 17. Qxc5 Bxc5 18. Re2 Ne5 19. Bb5 a5 20. Kf1 f6 21. Rd1 Bf7 22. h3 g5 23. Red2 Kg7 24. Rd8 Rxd8 25. Rxd8 h5 26. Ne2 g4 27. hxg4 hxg4 28. Nd4 Kg6 29. Nc6 Nxc6 30. Bxc6 f5 31. exf5+ exf5 32. Be8 Bxe8 33. Rxe8 Kf6 34. Ke2 f4 35. f3 g3 36. Kd3 Kf5 37. Kc4 Be3 38. Kb5 Kf6 39. b3 Kf7 40. Rb8 Ke6 41. Kc4 Kd6 42. Re8 Kc6 43. Re6+ Kd7 44. Rxe3 fxe3 45. Kd3 Kd6 46. Kxe3 Kc5 47. f4 Kb4 48. f5 Kxb3 49. f6 Kxa4 50. f7 b5 51. f8Q b4 52. Kd3 Kb3 1-0

[Event "Wuerttemberg-ch Seniors 13th"]
[Site "Ellwangen"]
[Date "2001.??.??"]
[Round "6"]
[White "Klaus, Eduard"]
[Black "Schewe, Hans"]
[Result "1-0"]
[WhiteElo "1676"]
[BlackElo "1653"]
[PlyCount "55"]
[EventDate "2001.04.??"]
[EventType "swiss"]
[EventRounds "9"]
[EventCountry "GER"]
[SourceTitle "EXT 2006"]
[Source "ChessBase"]
[SourceDate "2005.11.24"]
[SourceVersion "1"]
[SourceVersionDate "2005.11.24"]
[SourceQuality "1"]

1. d4 Nf6 2. c4 e6 3. Nc3 d5 4. e3 c6 5. Bd2 Bd6 6. c5 Bc7 7. Bd3 0-0 8. f4 b6 9. b4 a5 10. a3 Bb7 11. Nf3 Nbd7 12. 0-0 Re8 13. Ne5 Nf8 14. Qe2 Re7 15. Rfc1 b5 16. Kh1 N6d7 17. Be1 f6 18. Bh4 fxe5 19. Bxe7 Qxe7 20. fxe5 Qg5 21. Nxb5 Bxe5 22. dxe5 Qxe5 23. Nd6 Rb8 24. Nxb7 Rxb7 25. b5 Nxc5 26. bxc6 Rb2 27. Qxb2 Qxb2 28. c7 1-0

[Event "Wuerttemberg-ch Seniors 12th"]
[Site "Ellwangen"]
[Date "2000.??.??"]
[Round "9"]
[White "Klaus, Eduard"]
[Black "Rettler, Heinz"]
[Result "1/2-1/2"]
[WhiteElo "1705"]
[BlackElo "1885"]
[PlyCount "50"]
[EventDate "2000.04.??"]
[EventType "swiss"]
[EventRounds "9"]
[EventCountry "GER"]
[SourceTitle "EXT 2006"]
[Source "ChessBase"]
[SourceDate "2005.11.24"]
[SourceVersion "1"]
[SourceVersionDate "2005.11.24"]
[SourceQuality "1"]

1. c4 Nf6 2. d4 g6 3. Nc3 d5 4. e3 Bg7 5. Bd2 0-0 6. c5 c6 7. f4 Bf5 8. Nf3 Nbd7 9. Be2 Qc7 10. 0-0 h6 11. b4 a6 12. Ne5 Ne4 13. Bf3 Nxc3 14. Bxc3 Nxe5 15. fxe5 f6 16. g4 Be6 17. exf6 exf6 18. Be1 Qd7 19. Bg3 f5 20. Bd6 Rf7 21. h3 Bf8 22. Be5 Bg7 23. Bd6 Bf8 24. Be5 Bg7 25. Bd6 Bf8 1/2-1/2